000 00774nam a2200241Ia 4500
003 GCL
008 140319s9999 xx 000 0 ara d
040 _aGCL /
_cGCL
082 0 4 _a811.9
_bن ب
100 1 _aنفوسة زكريا سعيد
245 1 0 _aالبارودى - حياتة وشعره /
_cنفوسة زكريا سعيد
700 1 _aمحمد مصطفى هدارة
260 _a[S.N] :
_bمؤسسة عبدالعزيز سعود للابداع الشعرى ،
_c1992
300 _a464 ص
490 _a
650 0 4 _aالشعر العربى
650 0 4 _aالادب العربى
650 0 4 _aالعصر الحديث
650 0 4 _aدواوين وقصائد
650 0 4 _aالادب العالمى
650 0 4 _aتاريخ ونقد
942 _2ddc
_cBK
999 _c58567
_d58567